R for Data Science
Guardat en:
| Autor principal: | |
|---|---|
| Format: | Llibre |
| Publicat: |
shroff
|
| Matèries: | |
| Etiquetes: |
Sense etiquetes, Sigues el primer a etiquetar aquest registre!
|
MARC
| LEADER | 00000nam a2200000Ia 4500 | ||
|---|---|---|---|
| 005 | 20260427112704.0 | ||
| 526 | |b Data Science | ||
| 100 | |a Hadley Wickham | ||
| 020 | |a 9789352134977 | ||
| 650 | |a Programming | ||
| 526 | |a Bachelors | ||
| 942 | |c BK | ||
| 245 | |a R for Data Science | ||
| 260 | |b shroff | ||
| 999 | |c 65 |d 65 | ||
| 952 | |0 0 |1 0 |4 0 |7 0 |8 2 |a BRISTOL |b BRISTOL |d 2026-04-22 |l 0 |p 000063 |r 2026-04-27 11:27:04 |w 2026-04-27 |y BK | ||